00648 a2200157 450000500170000002000220001708200150003911100090005424500990006326000450016230000560020785600610026394200130032499900150033795201380035220250428091941.0 a978-1-78415-441-7 a657.48 ACC aACCA aPaper F2 Management Accounting (MA): Complete Text Valid From 1 September 2015- 31 August 2016 aWokingham,bKaplan Publishing Uk,c2015. axxviii, 686p.: ill.; picture, table.bIndex.c26cm. yAccess online bookfTaxationdwww.kaplanpublishing.co.uk 2ddccBKS c1690d1690 r2025-04-28 09:21:58l0o657.48 ACCp0000006255v315000.00w2025-04-28yBKS102ddc407000aCBEMLbCBEMLcGENd2025-04-28g105000.00